000 01071 a2200241 4500
005 20260306142830.0
008 260306b |||||||| |||| 00| 0 eng d
020 _a9789360866129 (hbk)
037 _cTB
040 _aAL
_cAL
041 _2hin
_ahin
_hrus
084 _aO142,3M70x 152R4
_qCRL
100 _aकुप्रिन, आलेकसांद्र
_9860905
245 _aरत्न - कंगन तथा अन्य कहानियाँ
260 _bराजकमल प्रकाशन,
_c2024.
_aदिल्ली, भारत:
300 _a239पृ.
365 _b895.00
_cINR
546 _aTranslated from Russian to Hindi
650 _aरशियन कहानी
700 _aवर्मा, निर्मल
_eअनुवादक
_9860608
942 _cTB
_2CC
_hO142,3M70x 152R4
999 _c1466755
_d1466755